000 00210nam a22000857a 4500
001 1235179
005 20250930110442.0
245 _aSÖZ VE SESSİZLİK
_cBRIGITTE LABBE
260 _bGÜNIŞIĞI KİTAPLIĞI YAYINLARI
999 _c1235179
_d1235179